[Event "RUS-ch Higher League 64th"]
[Site "Taganrog"]
[Date "2011.06.22"]
[Round "7"]
[White "Morozevich, Alexander"]
[Black "Khismatullin, Denis Rimovich"]
[Result "1-0"]
[WhiteElo "2694"]
[BlackElo "2656"]
[Annotator "CB"]
[PlyCount "69"]
[EventDate "2011.06.15"]
[EventType "swiss"]
[EventRounds "11"]
[EventCountry "RUS"]
[SourceTitle "CBM 143"]
[Source "ChessBase"]
[SourceDate "2011.07.15"]
[SourceVersion "1"]
[SourceVersionDate "2011.07.15"]
[SourceQuality "1"]

1. d4 Nf6 2. c4 e6 3. Nc3 Bb4 4. Qc2 Nc6 5. Nf3 d6 6. Bd2 Qe7 7. a3 Bxc3 8.
Bxc3 e5 9. d5 Nb8 10. e3 O-O 11. Nd2 c6 12. dxc6 Nxc6 13. Bd3 b6 (13... h6 14.
b4 d5 15. O-O Rd8 16. cxd5 Nxd5 17. Bb2 f6 18. b5 Na5 19. Nf3 Be6 20. Rad1 Qc7
21. Qa4 Ne7 22. Qb4 b6 23. h3 {1/2-1/2 (23) Lautier,J (2682)-Sharif,M (2467)/
Asnieres sur Seine 2006/EXT 2007}) 14. Ne4 h6 15. Nxf6+ Qxf6 16. O-O Bb7 {[#]}
17. f4 $1 {Opening the lines for his artillery.} Qe7 18. b4 Rac8 19. Rad1 {[#]}
Nb8 {Although Black is already in danger of being stampeded, this cannot be
best.} (19... Nd8 {was an alternative as it still threatens to lock things up
with 20...e4, and keeps the knight around protecting f7 and a possible Ne6 or
even ...f6 followed by Nf7.}) 20. fxe5 dxe5 21. Qf2 Nd7 22. Qf5 g6 (22... Nf6
$2 23. Bxe5) 23. Qh3 h5 {[#]} 24. Qg3 ({Here White missed a nice tactic with} 
24. Bf5 $3 gxf5 25. Rxf5 $1 f6 26. Rxh5 Rc7 27. Rh8+ Kf7 28. Rh7+ {Winning the
queen.}) 24... Rcd8 25. Bc2 Kh7 26. Rd2 h4 27. Qh3 Bc8 28. g3 Kg7 29. Qxh4 Qxh4
30. gxh4 Rde8 31. h5 $1 g5 (31... gxh5 32. Rg2+ Kh6 {and the exposed king with
all White's pieces swarming around it are a death knell.}) 32. Bf5 Nf6 33. Bxc8
Ne4 34. Bf5 $1 Nxc3 35. Rc2 {[#]} (35. Rc2 Na4 36. Bd7) 1-0

[Event "RUS-ch"]
[Site "Elista"]
[Date "1995.??.??"]
[Round "3"]
[White "Ivanov, Sergey"]
[Black "Morozevich, Alexander"]
[Result "1-0"]
[WhiteElo "2545"]
[BlackElo "2630"]
[Annotator "Dautov,R"]
[PlyCount "81"]
[EventDate "1995.10.??"]
[EventType "swiss"]
[EventRounds "11"]
[EventCountry "RUS"]
[SourceTitle "CBM 050"]
[Source "ChessBase"]
[SourceDate "1996.02.01"]
[SourceVersion "1"]
[SourceVersionDate "1996.02.01"]
[SourceQuality "1"]

1. d4 {Chekhov} Nf6 2. c4 e6 3. Nc3 Bb4 4. Qc2 Nc6 5. Nf3 d6 6. Bd2 O-O 7. a3
Bxc3 8. Bxc3 Re8 (8... a5 9. e4 $14) (8... Qe7 9. e3 e5 10. dxe5 dxe5 11. b4
Bg4 12. Be2 $14) 9. e3 (9. Rd1 Qe7 10. d5 (10. g3 {Chekhov} e5 11. d5 e4 12.
Ng5 e3 13. f4 h6 14. Nf3 Nb8 15. Bg2 a5 16. O-O a4 17. Nd4 $14 {Timman,
J-Morozevich,A/Amsterdam/1995/1|0/68/}) 10... Nb8 11. dxe6 Bxe6 12. e3 Nbd7 13.
Be2 Bg4 14. b3 Ne5 15. Bb2 Rad8 $10 {Bischoff,K-Hecht,H/Munich 1988}) (9. b4 $1
e5 10. dxe5 Nxe5 11. e3 Bg4 12. Nxe5 dxe5 13. f3 Bh5 14. Be2 Bg6 15. Qb2 Nd7
16. O-O f6 17. c5 Qe7 18. Rfd1 $14 {Euwe-Kramer/Niederland (ch)/1952}) 9... e5
(9... a5 $5 {Chekhov} 10. Bd3 e5 11. d5 Nb8 12. Nd2 a4 13. O-O Nbd7 14. f4 Qe7
15. Rae1 g6 16. h3 exf4 17. Rxf4 Ne5 $132 {Kiriakov,P-Gasymov,R/Yurmala/1992/
0|1/48/}) 10. dxe5 dxe5 (10... Nxe5 $5 {Chekhov} 11. Nxe5 dxe5 12. Be2 c5 13.
O-O Qe7 14. Rae1 b6 15. f4 Bb7 $1 $10 {Euwe,M-Najdorf,M/Groningen/1946/0,5/28/}
) 11. Be2 a5 12. O-O $6 (12. b3 $142) 12... Qe7 $6 (12... a4 $142) 13. Ng5 $2 (
13. b3 {>=} Bg4 14. h3 Bh5 15. Rfd1 Rad8 16. Qb2 Ne4 17. Be1 $14 {/\b4}) 13...
a4 (13... h6 {Chekhov} 14. Ne4 Bf5 15. Bd3 Nxe4 16. Bxe4 Bxe4 17. Qxe4 Rad8 18.
Rad1 Qe6 19. Rd5 f5 20. Qf3 $36) (13... e4 $5 {Chekhov} 14. f3 (14. Bxf6 gxf6
15. Nh3 Bxh3 16. gxh3 f5 $132) (14. f4 $5 h6 15. Bxf6 gxf6 16. Nh3 Bxh3 17.
gxh3 $132) 14... Bf5 (14... exf3 15. Bxf6 Qxf6 16. Qxh7+ Kf8 17. Nxf3 $16) 15.
g4 $6 (15. Bxf6 Qxf6 16. Nxe4 Qh6 $36) 15... exf3 (15... Bg6 16. f4 Qc5 17. Qc1
$16) 16. Qxf5 Qxe3+ 17. Kh1 fxe2 18. Bxf6 exf1=Q+ 19. Rxf1 g6 $19) 14. Bd3 (14.
Rad1 $5 {Chekhov}) 14... e4 $1 (14... h6 15. Ne4 Nxe4 16. Bxe4 Qc5 $10 (16...
Be6 {Chekhov} 17. Bd5 $36)) 15. Bxf6 (15. Be2 Bf5 $15 {/\h6}) 15... exd3 16.
Bxe7 dxc2 17. Bb4 Bg4 $5 (17... Bf5 18. Rfc1 Rad8 (18... Na5 19. Bxa5 Rxa5 20.
Nf3 (20. e4 $2 Bg6 21. f4 h6 22. f5 Bh5 $17) 20... Rc5 21. Nd4 Bg6 22. Nxc2
Rxc4 23. Nd4 Rxc1+ 24. Rxc1 c6 $10) 19. Bc3 Re7 $15) (17... Ne5 {Chekhov} 18.
Rac1 (18. c5 Nd3 $19) 18... Nxc4 19. Rxc2 b5 20. Rd1 Bf5 21. Rcc1 Nxb2 (21...
Rad8 $5) 22. Rd5 $132) 18. f3 $2 (18. Rfc1 Bd1 19. Nf3 (19. Bc3 $2 Na5 20. Bxa5
Rxa5 21. Nf3 Rc5 $17) 19... Re4 (19... Nxb4 20. axb4 Rad8 21. Ne1 Rd2 22. Rxa4
f5 23. Ra3 f4 24. Rc3 $14) 20. Nd2 Re6 21. Nf3 $10) 18... Bf5 19. e4 h6 20.
exf5 hxg5 $17 {[%cal Rd8d1,Re8e1] <->e,d} 21. Bc3 (21. Rf2 $2 Nd4 22. Bd2 Rad8
23. Bxg5 f6 $19) (21. Rac1 {Chekhov} Nd4 22. Kh1 Re2 $19) 21... Rad8 (21... Re2
{Chekhov} 22. Rf2 Rae8 23. Rc1 $16) 22. Rac1 (22. Rf2 $2 Rd1+ 23. Rf1 Rxa1 24.
Rxa1 Rd8 $19) 22... Re2 23. Rf2 (23. h3 Rd3 $1 $17 {/\Nd4}) 23... Rd1+ 24. Rf1
Nd4 $4 (24... Rd3 $1 {/\Nd4} 25. Rf2 Nd4 26. Bxd4 Rd1+ 27. Rf1 Rxd4 28. Rf2 (
28. c5 Rdd2 $19) 28... Rd1+ 29. Rf1 Rxc1 30. Rxc1 Rd2 $19) 25. Rfxd1 cxd1=Q+
26. Rxd1 Nxf5 27. Rd5 Ne3 (27... g6 $4 {Chekhov} 28. Rd8+ $18) 28. Rxg5 $16 g6
29. h4 Nf5 (29... Nxc4 30. Rc5 Ne3 (30... Nxb2 {Chekhov} 31. Rxc7 $16) 31. Rxc7
Rxg2+ 32. Kh1 $16) 30. h5 Kh7 31. hxg6+ fxg6 32. Kh2 c5 (32... Kh6 33. Rg4 Ne3
34. Re4 g5 35. Kh1 $16) 33. Kh3 $1 Kh6 34. Rg4 Ne3 35. Re4 $18 Nxg2 36. Kg3 $1
Rc2 (36... Rxe4 37. fxe4 Ne3 38. Bd2 $18) 37. Re8 g5 38. Re6+ Kh7 (38... Kh5
39. Bg7 $18) 39. Kg4 Nf4 40. Rb6 Re2 41. Kxg5 1-0

[Event "Sigeman & Co 03rd"]
[Site "Malmo"]
[Date "1995.??.??"]
[Round "5"]
[White "Sadler, Matthew D"]
[Black "Sokolov, Ivan"]
[Result "1-0"]
[WhiteElo "2575"]
[BlackElo "2645"]
[Annotator "Dautov,R"]
[PlyCount "79"]
[EventDate "1995.05.??"]
[EventType "tourn"]
[EventRounds "9"]
[EventCountry "SWE"]
[EventCategory "12"]
[SourceTitle "CBM 048"]
[Source "ChessBase"]
[SourceDate "1995.10.01"]
[SourceVersion "1"]
[SourceVersionDate "1995.10.01"]
[SourceQuality "1"]

1. d4 Nf6 2. c4 e6 3. Nc3 Bb4 4. Qc2 O-O 5. a3 Bxc3+ 6. Qxc3 Ne4 7. Qc2 f5 8.
Nf3 Nc6 (8... b6 9. g3 Bb7 10. Bg2 d6 11. O-O Qc8 12. Nh4 Nd7 13. f3 Nef6 14.
d5 Ne5 15. dxe6 Qxe6 16. Nxf5 Qxc4 17. Qxc4+ Nxc4 18. b3 Na5 19. b4 Nc4 20. Bg5
Rae8 21. Rac1 d5 22. e4 $14 {Sokolov,I-Hulak,K/Wijk op (06) ;CBM 46 1995}) 9.
g3 Qf6 $6 (9... d6 10. Bg2 e5 11. dxe5 dxe5 (11... Nxe5 12. Nxe5 dxe5 13. O-O
$14) 12. O-O a5 13. b3 Qe7 14. Bb2 Nd6 $6 (14... Bd7) 15. c5 Nf7 16. Qc3 $1 Rd8
17. b4 $16 {Georgiev,Ki-Christiansen,L/Tilburg 1994}) 10. Be3 $1 Ne7 11. Bg2
Rb8 12. O-O b5 13. b3 (13. cxb5 $5 Rxb5 (13... Nd5 14. a4 a6 15. bxa6 Bxa6 16.
Ne5 $16) 14. Bf4 (14. Qxc7 Rxb2 $13) 14... Nd5 (14... d6 15. Qxc7 Rxb2 16. Bxd6
Nxd6 17. Qxd6 Rxe2 18. Rfe1 Rxe1+ 19. Rxe1 $16) 15. Bxc7 Nxc7 16. Qxc7 Rxb2 17.
Rab1 Ra2 18. Rb8 Qd8 19. Qxa7 $16) 13... d6 14. Nd2 $1 (14. cxb5 Nd5 (14...
Rxb5 15. Qxc7 Rxb3 16. Qxa7 Rb2 17. Rfe1 Bb7 18. Reb1 Nc6 19. Rxb2 Nxa7 20.
Rxb7 $14) 15. a4 a6 16. bxa6 Bxa6 $44 (16... Nxe3 17. a7 $1 Ra8 18. fxe3 $16))
14... Nxd2 15. Qxd2 Bb7 (15... bxc4 16. bxc4 Bb7 17. d5 $16) 16. d5 $16 exd5
17. cxb5 (17. cxd5 Qf7 18. Rfd1 a6 19. Rac1 Rbc8 20. Bg5 $16) (17. Bg5 Qf7 18.
Bxe7 Qxe7 19. cxd5 Rf7 20. Rfc1 Re8 21. e3 $16 {[%csl Rc7] ><c7}) 17... d4 18.
Bxd4 Qe6 19. a4 (19. Bxa7 Bxg2 20. Kxg2 Rxb5 21. b4 f4 $44) 19... Bxg2 20. Kxg2
f4 21. Rac1 (21. Bxa7 Ra8 22. Bd4 Qxb3 (22... fxg3 23. hxg3 Nf5 24. Bc3 Nh4+
25. Kh2 $18) 23. Qa2 Qxa2 24. Rxa2 $16) 21... c5 $1 22. bxc6 Nxc6 23. Kg1 fxg3
$2 (23... Nxd4 24. Qxd4 fxg3 25. hxg3 Rxb3 (25... Qxe2 26. Rfe1 Qf3 27. Rc7 $16
) 26. Rc7 Rf7 27. Rxf7 Qxf7 28. Qxd6 $16) (23... Qd5 24. Rfd1 fxg3 25. hxg3
Nxd4 (25... Rxb3 $2 26. Bxg7 $18) 26. Qxd4 Qxd4 27. Rxd4 Rxb3 28. Rxd6 $16) 24.
Rxc6 gxh2+ 25. Kxh2 $18 Rf5 26. Rc3 Rh5+ 27. Kg2 Rb4 28. Rd1 Qe4+ 29. Rf3 (29.
f3 Qg6+ 30. Kf2 Rh2+ 31. Ke3 Qe6+ 32. Kd3 Qf5+ 33. Ke3 Qe6+ $10) 29... Qh4 30.
e3 Qg4+ 31. Rg3 Qe4+ 32. f3 Qh4 33. Rxg7+ Kf8 34. Qxb4 Qh2+ 35. Kf1 Qh1+ 36.
Rg1 Qxf3+ 37. Ke1 Ke7 38. Rd2 Qe4 39. Qc4 Qf3 40. Rg7+ 1-0

[Event "Groningen"]
[Site "Groningen"]
[Date "1995.??.??"]
[Round "1"]
[White "Lautier, Joel"]
[Black "Piket, Jeroen"]
[Result "1/2-1/2"]
[WhiteElo "2645"]
[BlackElo "2625"]
[Annotator "Dautov,R"]
[PlyCount "83"]
[EventDate "1995.12.??"]
[EventType "tourn"]
[EventRounds "11"]
[EventCountry "NED"]
[EventCategory "17"]
[SourceTitle "CBM 051"]
[Source "ChessBase"]
[SourceDate "1996.04.01"]
[SourceVersion "1"]
[SourceVersionDate "1996.04.01"]
[SourceQuality "1"]

1. d4 Nf6 2. c4 e6 3. Nc3 Bb4 4. Qc2 Nc6 5. Nf3 d6 6. Bd2 O-O 7. a3 Bxc3 8.
Bxc3 Re8 9. e3 e5 10. d5 {N} (10. dxe5 dxe5 11. Be2 a5 12. O-O Qe7 (12... a4
$142) 13. Ng5 (13. b3 $1) 13... a4 14. Bd3 e4 15. Bxf6 exd3 16. Bxe7 dxc2 17.
Bb4 Bg4 18. f3 Bf5 19. e4 h6 20. exf5 hxg5 $17 {Ivanov,Se-Morozevich,A/RUS-ch
Elista (03) ;CBM 50 1995}) 10... Ne7 (10... Nb8 11. Nd2 c6 12. e4 $14) 11. Bd3
c6 (11... b5 12. e4 bxc4 13. Bxc4 $14) (11... Ng6 $5 12. h4 (12. Nd2 c6 $132) (
12. O-O Qe7) (12. Ng5 Nxd5 13. Nxf7 Nxe3 14. fxe3 Kxf7 15. O-O+ Kg8 16. Bxg6
hxg6 17. Qxg6 Qe7 $10) 12... Bg4 (12... e4 $2 13. Bxf6 exd3 14. Bxd8 dxc2 15.
Bxc7 $18) 13. Ng5 $36) 12. dxc6 bxc6 13. O-O Ng6 (13... Bg4 14. c5 (14. Ng5 h6
15. Ne4 Nxe4 16. Bxe4 Qc7 $10) (14. Nd2 Ng6 $6 15. h3 Be6 16. c5 $16) 14...
Bxf3 15. gxf3 Ned5 16. cxd6 Qxd6 17. Rfd1 Nxc3 18. Qxc3 Qe6 19. Rac1 $14) 14.
h3 Qe7 (14... e4 15. Bxf6 exd3 16. Bxd8 dxc2 17. Bc7 $14) 15. Bxg6 $1 hxg6 16.
c5 $14 Bf5 17. cxd6 Qxd6 18. Rfd1 Qc7 19. Qa4 Ne4 (19... Nd5 $2 20. Bxe5 Rxe5
21. Nxe5 Qxe5 22. Qxc6 Rd8 23. Rd4 $16) (19... Be4 20. Ng5 Bd5 21. e4 Be6 22.
Rac1 $16) 20. Rac1 c5 21. Qc4 (21. Rd5 f6 22. Nh4 Qf7 23. Rdd1 Red8 24. Ba5
Rxd1+ 25. Rxd1 Rb8 26. Nxf5 gxf5 $14) 21... Rac8 22. Rd5 Nxc3 23. Qxc3 Qb7 24.
Rcd1 (24. Rxe5 Bxh3 $14) 24... e4 25. Ne5 c4 26. Nxc4 $2 (26. Rd6 {>=} Be6 (
26... Qb3 27. Nc6 Qa4 (27... Qxc3 28. bxc3 Rc7 29. R1d4 $16) 28. Qb4 Qxb4 29.
axb4 Rc7 30. Ra1 $16) 27. R1d4 Bxh3 28. Nxg6 Bf5 29. Nf4 $14) 26... Be6 27.
R5d4 Bxc4 28. Rxc4 Rxc4 29. Qxc4 Qxb2 $10 30. Qa4 (30. Rd7 Qa1+ 31. Kh2 Qf6 $10
) (30. Qc6 Qe5 31. Rd4 Kh7 $10) 30... Re7 31. Rd4 Kh7 32. Qb4 Qxb4 33. Rxb4 f5
34. Ra4 g5 35. Kh2 g6 36. Kg3 Kh6 37. Ra6 Rc7 38. a4 Rb7 39. a5 Rc7 40. h4 Kh5
41. hxg5 Kxg5 42. Kh2 1/2-1/2

[Event "Vidmar Memorial 12th "]
[Site "Portoroz"]
[Date "1997.07.13"]
[Round "8"]
[White "Chernin, Alexander"]
[Black "Zvjaginsev, Vadim"]
[Result "1/2-1/2"]
[WhiteElo "2640"]
[BlackElo "2635"]
[Annotator "Finkel,A"]
[PlyCount "48"]
[EventDate "1997.07.05"]
[EventType "tourn"]
[EventRounds "9"]
[EventCountry "SLO"]
[EventCategory "15"]
[SourceTitle "CBM 061"]
[Source "ChessBase"]
[SourceDate "1997.11.23"]
[SourceVersion "1"]
[SourceVersionDate "1997.11.23"]
[SourceQuality "1"]

1. c4 {Baburin,A} e6 2. d4 Nf6 3. Nc3 Bb4 4. Qc2 Nc6 5. Nf3 d5 6. cxd5 exd5 7.
Bg5 h6 8. Bxf6 Qxf6 9. e3 O-O 10. a3 (10. Be2 $5 Ne7 11. a3 Bd6 12. Nb5 Bf5 13.
Qb3 (13. Bd3 Bxd3 14. Qxd3 Nf5 $11 15. h4 $6 (15. Nxd6 Nxd6 16. Ne5 Ne4 17. O-O
$11) 15... Rfe8 16. Rh3 c6 17. Nc3 h5 $15 {[%csl Rh3] Kharlov,A-Gogichaishvili,
G/URS-Army Khabarovsk 1990/1/2-1/2 (49)}) 13... Be4 $5 14. Rc1 c6 15. Nxd6 Qxd6
16. O-O Rab8 $11 {Graf,S-Opocensky,K/Prague 1937 (46)}) 10... Bxc3+ (10... Bf5
$5 11. Bd3 Bxc3+ 12. Qxc3 (12. bxc3 $5 Ne7 13. O-O c6 14. c4 dxc4 15. Bxf5 Nxf5
16. Qxc4 Rfe8 $11 {Wegner,H-Reeh,O/BL 1990/1-0 (74)}) 12... Bg4 (12... Bxd3 $5
13. Qxd3 Nd8 14. Ne5 Re8 15. b4 $14) 13. Be2 Rfe8 14. O-O Re7 15. Rfe1 Nd8 16.
Ne5 Bxe2 17. Rxe2 Ne6 $11 {Zigouris-Ivanovic/Korfu op/SW,38,17 1990 (64)}) 11.
Qxc3 Bg4 (11... Qg6 12. b4 a6 13. g3 Bg4 14. Bg2 (14. Nd2 $5 $14) 14... Bxf3 $5
15. Bxf3 Qf5 16. Bg2 Rad8 17. O-O Rd7 18. a4 $14 {Lazarev,V-Naumkin,I/Festival
Porto San Giorgio 1997/EXP 59/1/2-1/2 (45)}) 12. Nd2 $5 (12. Be2 Rfe8 13. O-O
Qd6 14. Rac1 Re7 15. Rfe1 Rae8 $11 {Lindblom,P-Kolarov,A/Moscow olm 1956/
MCD-ol (22)}) 12... Rae8 (12... Nxd4 $2 13. f3 $18) 13. Nb3 Re7 $1 {Protecting
a pawn on c7 and giving the knight a possibility to move.} 14. Bb5 ({Baburin:
Perhaps, White should have preferred} 14. Bd3 {Baburin,A ,as the knight on c6
is misplaced, and Black would have to relocate it anyway.}) 14... Nd8 15. O-O
c6 16. Bd3 Ne6 $11 {Both sides has finished development and we can see that
black easily solved all opening problems.} 17. Rfc1 Rc8 {Planing to simplify
the position,while very serious attention deserved} (17... Rfe8 $5 18. Nd2 Bf5
19. Bxf5 Qxf5 20. b4 Ng5 21. a4 Re6 $132) 18. Nd2 c5 $5 {Baburin: This is the
easiest way to equalise here, as Black's pieces are ready for the break in the
centre.} 19. dxc5 Qxc3 20. Rxc3 Rxc5 21. Rac1 {Actually offering a draw.Better
was} (21. Rxc5 $1 Nxc5 22. Bc2 (22. Bb5 {Baburin,A does not give White any
hope for an edge either after} a6 23. Rc1 Ne6 {with a further ...d4.}) 22...
Rc7 23. f3 Nd7 $1 24. Bb3 Be6 25. Kf2 $14) 21... Rxc3 22. Rxc3 d4 23. exd4 Nxd4
24. f3 Ne2+ 1/2-1/2

[Event "Rotterdam"]
[Site "Rotterdam"]
[Date "1990.??.??"]
[Round "?"]
[White "Gurevich, Mikhail"]
[Black "Timman, Jan H"]
[Result "1-0"]
[WhiteElo "2645"]
[BlackElo "2680"]
[Annotator "Ftacnik,L"]
[PlyCount "51"]
[EventDate "1990.05.??"]
[EventType "tourn"]
[EventRounds "6"]
[EventCountry "NED"]
[EventCategory "16"]
[SourceTitle "CBM 018"]
[Source "ChessBase"]
[SourceDate "1990.10.01"]
[SourceVersion "1"]
[SourceVersionDate "1990.10.01"]
[SourceQuality "1"]

1. d4 Nf6 2. c4 e6 3. Nc3 Bb4 4. Qc2 Nc6 5. Nf3 d6 6. Bd2 (6. Bg5 O-O $10) 6...
O-O 7. a3 Bxc3 8. Bxc3 Qe7 9. g3 (9. e3) 9... e5 10. d5 Nd8 $6 (10... Nb8) 11.
Bg2 Bg4 $2 (11... Ng4 12. h3 Nh6 13. Bd2 f5 14. Bxh6 gxh6 15. e3 $16) (11...
Nh5 $5 12. e3 f5 13. O-O-O Nf7 14. Nh4 Ng5 15. f4 $16) 12. Nh4 $1 c6 (12... Nd7
13. O-O f5 $2 14. h3) 13. O-O cxd5 14. cxd5 Qd7 15. f4 Qb5 16. e4 Be2 17. Rfe1
(17. fxe5 Ng4 $1 (17... dxe5 18. Rxf6 gxf6 19. Nf5 Qd3 20. Qc1) (17... Bxf1 18.
exf6 Bxg2 19. fxg7 Re8 20. Nf5 $40) 18. Rfe1 Qb6+) 17... Bd3 18. Qd2 Re8 19.
Kh1 (19. Nf5 $5 Qb6+ 20. Kh1 Bb5 21. fxe5 dxe5 22. Qg5 $18) 19... g6 20. a4 Qa6
21. b3 Rc8 22. Bf3 (22. Rad1 Ng4 23. h3 Rxc3 24. Qxc3 Nf2+ 25. Kh2 Nxd1 26.
Rxd1 Be2) 22... Nd7 23. Rad1 Nc5 24. fxe5 (24. Bb4 f5 $132) 24... b5 (24...
dxe5 25. Bb4 f5 26. Bxc5 fxe4 27. Bb4 $1 (27. Bg1 Rc2 28. Qe3 exf3 29. Qxd3
Qxd3 30. Rxd3 f2) 27... Rc2 28. Qe3 exf3 29. Qxd3 Qxd3 30. Rxd3 f2 31. Rf1 $18)
25. Bd4 bxa4 26. Bxc5 {Ftacnik,L} 1-0

[Event "USA-ch"]
[Site "USA"]
[Date "1989.??.??"]
[Round "14"]
[White "Miles, Anthony John"]
[Black "Benjamin, Joel"]
[Result "1-0"]
[WhiteElo "2580"]
[BlackElo "2530"]
[Annotator "Ftacnik,L"]
[PlyCount "95"]
[EventDate "1989.11.??"]
[EventType "tourn"]
[EventRounds "15"]
[EventCountry "USA"]
[EventCategory "12"]
[SourceTitle "CBM 019"]
[Source "ChessBase"]
[SourceDate "1990.12.01"]
[SourceVersion "1"]
[SourceVersionDate "1990.12.01"]
[SourceQuality "1"]

1. d4 Nf6 2. c4 e6 3. Nc3 Bb4 4. Qc2 Nc6 5. Nf3 d6 6. Bg5 h6 7. Bd2 $1 (7. Bh4
g5 8. Bg3 g4 $17) (7. Bxf6 Qxf6) 7... Qe7 8. a3 (8. e3 e5 9. d5 Bxc3 10. Bxc3
Nb8 11. Be2 O-O 12. h3 c6 13. dxc6 Nxc6 14. O-O $14 {Finegold,B-Sosonko,G/
Amsterdam II/1989/ ->CBM 15}) 8... Bxc3 9. Bxc3 O-O 10. e3 e5 11. d5 Nb8 12.
Nd2 $1 Nbd7 13. Be2 e4 $6 14. O-O (14. g4 $5 Ne5 15. h3) 14... Kh8 15. Bd4 (15.
Rae1 {/\ f3}) 15... Ne5 16. Bd1 (16. Nxe4 $2 Bf5) 16... Bd7 17. Qc3 Bf5 18. Bc2
Bg6 (18... Bh7 $5) 19. Bxe5 dxe5 20. Qb4 (20. f3 exf3 21. Bxg6 fxg6 22. Rxf3
$16) 20... Qd6 21. f3 exf3 22. Bxg6 fxg6 (22... fxg2 23. Rxf6 Qxf6 24. Be4 $16)
23. Rxf3 a5 24. Qxd6 cxd6 25. Raf1 Kg8 26. a4 $16 Rac8 $6 (26... g5 $1) 27. h4
Rcd8 28. b3 b6 29. R1f2 Ng4 30. Rf1 Rxf3 31. Rxf3 Nf6 32. Kf1 Nd7 33. Ke2 Nc5
34. Kd1 Nd3 35. Rf1 Rd7 36. Kc2 Nc5 37. Kc3 Na6 (37... Rd8 38. b4 Nxa4+ 39. Kb3
$18) 38. g4 Rd8 39. g5 h5 40. Rf3 Rf8 $6 (40... Rd7 41. Nb1 {/\ Na3-b5-a7-c6,
b4+-}) 41. Rxf8+ Kxf8 42. c5 $1 bxc5 (42... Nxc5 43. Kc4 $18) 43. Nc4 Ke7 44.
Nxa5 Nc7 45. Kc4 Kd7 46. Nc6 Na6 47. e4 Nc7 48. a5 {Ftacnik,L} 1-0

[Event "Vaujany op-A 8th"]
[Site "Vaujany"]
[Date "2017.07.18"]
[Round "6.3"]
[White "Maiorov, Nikita"]
[Black "Gazik, Viktor"]
[Result "0-1"]
[WhiteElo "2531"]
[BlackElo "2462"]
[Annotator "Gazik,V"]
[PlyCount "82"]
[EventDate "2017.07.13"]
[EventType "swiss"]
[EventRounds "9"]
[EventCountry "FRA"]
[SourceTitle "EXT 2018"]
[Source "ChessBase"]
[SourceDate "2017.10.13"]
[SourceVersion "1"]
[SourceVersionDate "2017.10.13"]
[SourceQuality "1"]

1. d4 Nf6 2. c4 Nc6 3. Nf3 e6 4. Nc3 Bb4 5. Qc2 O-O 6. Bd2 d6 7. a3 Bxc3 8.
Bxc3 a5 9. b3 Qe7 10. e3 e5 11. d5 (11. Be2 Bg4 12. O-O e4 13. Ne1 Bxe2 14.
Qxe2 d5 15. Nc2 Qe6 16. c5 h5 17. b4 a4 18. b5 Ne7 19. Bb4 c6 20. bxc6 bxc6 21.
Bd2 Rfb8 22. Rfb1 Rb3 23. Nb4 Rxb1+ 24. Rxb1 Qc8 25. Na2 Qc7 26. h3 g5 27. Be1
Ng6 28. Rb6 g4 29. Nb4 Ne7 30. h4 Ne8 31. Qd1 Qc8 32. Qe2 Qc7 33. Qb2 f5 34. g3
Kf7 35. Na2 Ng7 36. Rb7 Qc8 37. Qb6 f4 38. Nb4 Ngf5 39. Nxc6 fxe3 40. Ne5+ Kg8
{Fridman,D (2639)-Kovalenko,I (2702) Liepaja 2015 1-0}) 11... Nb8 12. Nd2 c6
13. dxc6 Nxc6 14. Bd3 h6 15. O-O d5 $146 (15... Be6 16. Qb2 Nd7 17. Rad1 Rfd8
18. Ne4 Nb6 19. a4 f6 20. Ng3 d5 21. cxd5 Nxd5 22. Bc4 Kh8 23. Ne4 Rac8 24. h3
Ncb4 25. Bd2 b6 26. Ng3 Nc6 27. e4 Nc7 28. Nf5 Qf8 29. Be3 Rb8 30. Qe2 Bxf5 31.
exf5 Nd4 32. Qg4 b5 33. axb5 Ncxb5 34. Ra1 Ra8 35. Rfc1 Rd6 36. Bxb5 Nxb5 37.
Bc5 Qd8 38. Bxd6 Qxd6 39. Rxa5 {1-0 (39) Brynell,S (2498)-Klings,P (2178)
Helsingor 2012}) 16. cxd5 Nxd5 17. Bb2 Be6 18. Nc4 Rac8 19. Qd2 Qc7 20. Rac1 f6
21. Qe2 Rfd8 22. Bb1 b5 23. Nd2 b4 24. Ne4 Nde7 25. Nc5 Bf7 26. axb4 axb4 27.
Qc2 Ng6 28. Qe2 Qe7 29. Bf5 Ra8 30. Qb5 Na5 31. Be4 Rdb8 32. Qd3 Rd8 33. Qb5
Rdb8 34. Qe2 Ra7 35. Rfd1 Nf8 36. Na6 Rb6 37. Bd3 Nxb3 (37... Bxb3 38. Rd2 e4
39. Bb5 Rab7) 38. Rc8 Rd7 39. Nb8 Rc7 40. Rd8 Nc5 41. Bf5 Rcb7 0-1